Top 25 Most Accomplished Teams in the World Cup - Statistics

General Stats
  • This quiz has been taken 2,076 times
    872 since last reset
  • The average score is 21 of 25
Answer Stats
Hint Answer % Correct
214 Brazil
99%
142 Argentina
98%
119 France
98%
197 Germany/West Germany
98%
126 Italy
96%
99 Spain
96%
106 England
95%
93 Netherlands
91%
53 Portugal
91%
75 Uruguay
91%
32 USA
89%
51 USSR/Russia
88%
61 Mexico
87%
68 Belgium
86%
30 Colombia/Denmark
86%
63 Sweden
85%
35 Chile
78%
46 Poland
78%
51 Yugoslavia/Serbia
76%
49 Croatia
75%
41 Switzerland
72%
34 Hungary
70%
31 South Korea
69%
32 Austria
67%
37 Czechoslovakia/Czechia
65%
No matching quizzes found
Score Distribution
Percent of People with Each Score
Percentile by Number Answered
Your Score History
You have not taken this quiz since the last reset